Регионална библиотека "Любен Каравелов" - Русе

Verhandlungen und Beschlüsse des internationalen Arbeiter-Kongresses zu London (Запис номер 405743)

MARC детайли
000 -Лидер
Контролно поле с фиксирана дължина nam a22 a 4500
003 - Код на организацията, давaща контролен номер
Контролно поле BLK
005 - Дата и час на последна редакция
Контролно поле 20210406124739.0
008 - Елементи от данни с фиксирана дължина
fixed length control field 180409b bul|||||r ||||||| ||bul||
040 ## - Източник на каталожния запис
Идентификатор на билиотеката - собственик на записа BLK
041 ## - Код за език
Код за езика на текст/звукозапис или на отделно заглавие Немски
Код за езика КДБФ Немски
080 ## - УДК
Текстов определител УДК Работници. Пролетариат
УДК код - определител по УДК 316.343.63
УДК - код + определител 316.343.63
139 ## - Редно поле
Редна дума Verhandlungen und Beschlüsse des internationalen Arbeiter-Kongresses
245 10 - Сведения за заглавието
Заглавие Verhandlungen und Beschlüsse des internationalen Arbeiter-Kongresses zu London
Подзаглавни данни 22. Juli - 1 Aug. 1896
257 ## - Страна на издаване
Страна на създаване/издаване Германия
260 ## - Област на издателските данни
Място на издаване, разпространение и проч. Berlin
Име на издателя, разпространителя и проч. Expedition der Buchhandlung Vorwarts
Година на издаване 1896
9 (RLIN) 219313
300 ## - Физическа характеристика
Страници 32 с.
Размери/Мащаб 21 см
380 ## - Жанр
Жанр Обществени науки
490 ## - СЕРИИ (Колекции)
9 (RLIN) 435080
Име на серия Колекция Редки и ценни издания
650 #0 - Допълнително описание по предмет – тема
9 (RLIN) 426744
Основно описание – тема или топоним Работническа класа
650 #0 - Допълнително описание по предмет – тема
9 (RLIN) 319143
Основно описание – тема или топоним Международно комунистическо и работническо движение
653 #7 - Ключова дума – ненормативна
9 (RLIN) 188999
Ключова дума конгреси
852 ## - Местоположение
Форматна сигнатура Рн 896
Фондова буква Редки и ценни
856 4# - Електронен адрес и достъп
Електронен формат pdf - файл
856 4# - Електронен адрес и достъп
Електронен формат pdf - файл
999 ## - СИСТЕМНИ КОНТРОЛНИ НОМЕРА
Koha biblionumber 405743
Koha biblioitemnumber 405743
942 ## - АРТИКУЛИ
Вид на библиотечния материал Книги
Скрит в OPAC Не
Периодичен библиозапис Да
944 ## - СЪЗДАВАНЕ И РЕДАКЦИЯ на ЗАПИСА
Служител, извършил регистрацията/редакцията ТД
999 ## - СИСТЕМНИ КОНТРОЛНИ НОМЕРА
Koha biblioitemnumber 405743
Наличности
Код за отписване Код за изгубен артикул Източник на класификационната схема Код за повреда Коз за рестрикции Код за отдаване Артикулен № Име на библиотеката - собственик Име на библиотеката, в която се намира в момента Статус (Текущо местоположение) Дата на вписване в системата Местоположение - отдел Цена в лева Инвентарен номер Систематично азбучна сигнатура Баркод Цена в евро Служебен тип на артикула
  Не е изгубен Universal Decimal Classification Не е повреден само за читалня Специални фондове ( старопечатни, редки и ценни, фонд М. Арнаудов) 854772 Регионална библиотека "Любен Каравелов" Русе Регионална библиотека "Любен Каравелов" Русе Редки и ценни 2021-09-24 Редки и ценни 0.06 14572 Рн 896 900000043985 0.03 Книги
Vip Innovations Ltd, Rousse, Bulgaria 2025